[Event "FRA-ch U14 Girls"]
[Site "Hyeres"]
[Date "2019.04.19"]
[Round "7"]
[White "Croisille, Shanti"]
[Black "Englisch, Caroline"]
[Result "1-0"]
[WhiteElo "1575"]
[BlackElo "1535"]
[PlyCount "62"]
[EventDate "2019.04.14"]
[EventType "swiss"]
[EventRounds "9"]
[EventCountry "FRA"]
[SourceTitle "CBM 190 Extra"]
[Source "ChessBase"]
[SourceDate "2019.07.15"]
[SourceVersion "1"]
[SourceVersionDate "2019.07.15"]
[SourceQuality "1"]

1. e4 g6 2. d4 Nf6 3. Nc3 d5 4. e5 Ne4 5. Nxe4 dxe4 6. Ne2 c5 7. c3 Nc6 8. Be3 Bg4 9. h3 Bxe2 10. Bxe2 Qc7 11. Qc2 cxd4 12. cxd4 Qa5+ 13. Qc3 Qxc3+ 14. bxc3 f6 15. e6 a6 16. a4 Bg7 17. Bc4 Rc8 18. Bd5 f5 19. Rb1 Na5 20. Bxb7 Nxb7 21. Rxb7 0-0 22. Rxe7 Rxc3 23. 0-0 Rd8 24. Ra7 Rc6 25. d5 Rcd6 26. Rd1 Rxe6 27. dxe6 Rxd1+ 28. Kh2 Be5+ 29. g3 Rd6 30. Ra8+ Kg7 31. e7 Rd7 1-0

[Event "FRA-ch U14 Girls"]
[Site "Hyeres"]
[Date "2019.04.15"]
[Round "3"]
[White "Englisch, Caroline"]
[Black "Nguyen, Thao Nhi"]
[Result "0-1"]
[WhiteElo "1535"]
[BlackElo "1803"]
[PlyCount "26"]
[EventDate "2019.04.14"]
[EventType "swiss"]
[EventRounds "9"]
[EventCountry "FRA"]
[SourceTitle "CBM 190 Extra"]
[Source "ChessBase"]
[SourceDate "2019.07.15"]
[SourceVersion "1"]
[SourceVersionDate "2019.07.15"]
[SourceQuality "1"]

1. d4 Nf6 2. Nf3 c5 3. g3 b6 4. Bg2 Bb7 5. 0-0 e6 6. c4 cxd4 7. Nxd4 Bxg2 8. Kxg2 Be7 9. Nc3 0-0 10. Qc2 Qc8 11. b3 Nc6 12. Ncb5 a6 13. Nxc6 Qxc6+ 0-1

[Event "Avoine op 33rd"]
[Site "Avoine"]
[Date "2018.07.23"]
[Round "3"]
[White "Englisch, Caroline"]
[Black "Heurtebize, Christophe"]
[Result "0-1"]
[WhiteElo "1516"]
[BlackElo "2030"]
[PlyCount "64"]
[EventDate "2018.07.21"]
[EventType "swiss"]
[EventRounds "9"]
[EventCountry "FRA"]
[SourceTitle "CBM 185 Extra"]
[Source "ChessBase"]
[SourceDate "2018.07.29"]
[SourceVersion "1"]
[SourceVersionDate "2018.07.29"]
[SourceQuality "1"]

1. d4 Nf6 2. Nf3 g6 3. g3 Bg7 4. Bg2 0-0 5. 0-0 d6 6. c4 Nbd7 7. Nc3 e5 8. b3 Re8 9. Bb2 c6 10. dxe5 dxe5 11. Ng5 Qc7 12. Qc2 h6 13. Nge4 Nxe4 14. Nxe4 f5 15. Nd2 Kh7 16. c5 Qa5 17. Rac1 Bf8 18. Nc4 Qxc5 19. Ba3 Qb5 20. Bxf8 Rxf8 21. Nd6 Qa5 22. Rfd1 Nf6 23. Nc4 Qc7 24. Rd2 Be6 25. Rcd1 e4 26. Rd6 Bd5 27. Qd2 b5 28. Rxd5 Nxd5 29. Ne3 Rad8 30. Qc1 Nxe3 31. Rxd8 Rxd8 32. Qxe3 c5 0-1

[Event "Sautron op 17th"]
[Site "Sautron"]
[Date "2017.10.23"]
[Round "4.11"]
[White "Leveque, Damien"]
[Black "Englisch, Caroline"]
[Result "0-1"]
[WhiteElo "1324"]
[BlackElo "1428"]
[PlyCount "74"]
[EventDate "2017.10.22"]
[EventType "swiss"]
[EventRounds "9"]
[EventCountry "FRA"]
[SourceTitle "CBM 181 Extra"]
[Source "ChessBase"]
[SourceDate "2017.12.12"]
[SourceVersion "1"]
[SourceVersionDate "2017.12.12"]
[SourceQuality "1"]

1. e4 d6 2. d4 Nf6 3. Nc3 g6 4. Nf3 Bg7 5. Bc4 0-0 6. 0-0 c5 7. e5 Ng4 8. h3 cxd4 9. Nxd4 Nxe5 10. Bf4 Nxc4 11. Rb1 e5 12. Bxe5 Nxe5 13. Ndb5 Nbc6 14. Qe2 a6 15. Na3 Qg5 16. f4 Qg3 17. Ne4 Qh4 18. fxe5 Bxe5 19. Rbd1 Nd4 20. Qe3 Nf5 21. Qd3 Re8 22. Rde1 Bd4+ 23. Kh1 d5 24. Nf6+ Bxf6 25. Rxe8+ Kg7 26. Rf3 d4 27. Nc4 Rb8 28. Nb6 Nd6 29. Re2 Bg4 30. Qa3 Nb5 31. Qc5 Bxf3 32. gxf3 Qxh3+ 33. Kg1 d3 34. cxd3 Bd4+ 35. Qxd4+ Nxd4 36. Re4 Qg3+ 37. Kf1 Qxf3+ 0-1